Normal view
MARC view
- تاليف الشافعي، تقي الدين أبي بكر بن محمد الحسيني الدمشقي؛ تحقيق وخرج احاديثة وتعليق أبو عبدالله النعماني الأثرى
Entry Personal Name
001 - CONTROL NUMBER
- control field: 40944
003 - CONTROL NUMBER IDENTIFIER
- control field: JO-AjAnu
005 - DATE AND TIME OF LATEST TRANSACTION
- control field: 20230606080812.0
008 - FIXED-LENGTH DATA ELEMENTS
- fixed length control field: 230606|| aca||aabn | a|a d
040 ## - CATALOGING SOURCE
- Original cataloging agency: JO-AjAnu
- Transcribing agency: JO-AjAnu
100 ## - HEADING--PERSONAL NAME
- Personal name: تاليف الشافعي، تقي الدين أبي بكر بن محمد الحسيني الدمشقي؛ تحقيق وخرج احاديثة وتعليق أبو عبدالله النعماني الأثرى
670 ## - SOURCE DATA FOUND
- Source citation: Work cat.: (JO-AjAnu)20984: تاليف الشافعي، تقي الدين أبي بكر بن محمد الحسيني الدمشقي؛ تحقيق وخرج احاديثة وتعليق أبو عبدالله النعماني الأثرى, author, كفاية الأخيار في حل غاية الإختصار